00498nam a2200169Ia 4500003000400000008004100004040000800045100003200053245004400085260001200129260004300141260000900184300001000193942000700203952010100210999001700311RNL090707b ii f a fnsan d aRCL aCheema, Baldev Singh926117 aPunjabi vak parbandh:bBantar Ate Karaj aPatiala bPublication Bureau, Punjabi University c2005 a166p. cBK 001040708PunaRNLbRNLcGENd2018-10-02g150.00l0p48512r2018-10-02v150.00w2018-10-02yBK c22721d22721